LEADER 01666nam a2200241 4500 001 000000338665 003 CaOOAMICUS 005 20191223113915.0 008 191223s1791 it 000 u lat r 026 $ailis ron- ."e- qu"m (3) 1791 (R) 040 $aSeMil$bita 100 11$aArnauld, Antoine ,$d<1612-1694>.$0(OLS)http://semarc/name/4784 245 00$aIn Arnaldi librum de frequenti communione Mediolani nuper recusum. Et in alterum ejusdem de traditione Ecclesiae in quibus Quesnelliana ab Ecclesia damnata praxis de absolutionis dilatione adstruitur, dogmatica dissertatio posthuma et imperfecta praeclarissimi theologi ab altero ejus perfamiliari. E tenebris educta, in ordinem digesta, ad metam usque perducta. 264 1$aRomae :$bEx Officina Salomoniana,$c1791. 300 $a142, [2] p. ;$c4° 500 $aSegn.: a-s4 (La c. s4 contiene l'errata) 600 14$aArnauld, Antoine <1612-1694>.$0(OLS)http://semarc/subject/48529 700 1 $aSalomoni, Generoso,$c.$0(OLS)http://semarc/name/6919 850 $aSeMil 852 $aSeMil$W1$xVenegono$y1$m3X VI 34 FA$j217659$B229826$CSeMilBibl$Z2$F229826 $8I 996 $6245$aIn Arnaldi librum de frequenti communione Mediolani nuper recusum. Et in alterum ejusdem de traditione Ecclesiae in quibus Quesnelliana ab Ecclesia damnata praxis de absolutionis dilatione adstruitur, dogmatica dissertatio posthuma et imperfecta praeclarissimi theologi ab altero ejus perfamiliari. E tenebris educta, in ordinem digesta, ad metam usque perducta$9(OLS)http://semarc/title/427478 996 $6264$aRomae :$bEx Officina Salomoniana$9(OLS)http://semarc/publisher/58757 LEADER 00911nam a2200217 i 4500 001 000000205696 003 CaOOAMICUS 005 20241216115834.0 008 110830s2011 gw u000 u und u 013 $a184434 040 $aSeMil$bita 245 10$a3. 260 $aBerlin ; New York :$bDe Gruyter,$c2011. 300 $axiv, P. 1786-2024 :$bper la maggior parte ill. ;$c24 cm. 773 0 $tAblution, initiation, and baptism.$dBerlin ; Boston : De Gruyter, 2011.$kBeihefte zur Zeitschrift für die neutestamentliche Wissenschaft und die Kunde der älteren Kirche$z978-3-11-024751-0$g3$w()25381 850 $aSeMil 852 $aSeMil$W1$xVenegono$y1$m2XA R 176/3$j253478$B156190$CSeMilBibl$Z2$F167545 $81 961 $aSottoscrizione: De Gruyter 996 $6245$a3$9(OLS)http://semarc/title/47129 996 $6260$aBerlin ; New York :$bDe Gruyter$9(OLS)http://semarc/publisher/29892